| 000 | 01225nam a2200265 a 4500 | ||
|---|---|---|---|
| 001 | 000047680 | ||
| 005 | 20240307073949.0 | ||
| 008 | 111121s2001 dr 000 0 spa d | ||
| 040 |
_aDO-SdBNP _bspa _cBNPHU |
||
| 082 |
_a700.97293 _bL697b, 2001 |
||
| 245 | 0 | 0 | _aLibro de las bellas artes. |
| 246 | 1 | 4 | _aEl libro de las bellas artes |
| 250 | _a2a. ed. | ||
| 260 |
_aSanto Domingo : _bSecretaría de Estado de Cultura; Dirección General de Bellas Artes ; _bUASD, _c2001. |
||
| 300 |
_a387 p. : _bil., mús., retrs. ; _c27 cm. |
||
| 490 | 1 |
_aPublicación de la Universidad Autónoma de Santo Domingo _v106 |
|
| 500 | _aDirección del Sistema Nacional de Escuelas de Bellas Artes, Dirección Nacional de Artes Visuales, Dirección Nacional de Drama, Dirección Nacional de Música, Dirección Nacional de Danza. | ||
| 590 | _aInventariado, 2018/VM | ||
| 500 | _aTexto a dos columnas | ||
| 650 | 4 |
_aArte _xEstudio y enseñanza _zRepública Dominicana _975280 |
|
| 650 | 4 |
_aArte escolar _xCurriculum _zRepública Dominicana _975281 |
|
| 710 | 1 |
_aUniversidad Autónoma de Santo Domingo _972951 |
|
| 830 |
_aPubliacaciones de la Universidad Autónoma de Santo Domingo _v106 _956533 |
||
| 910 | _aValidado. Control de calidad MFF | ||
| 999 |
_c47168 _d47168 |
||